History Quiz

Random History or War Quiz

Civil War costliest battles by state Quiz Stats

 Plays Quiz not verified by Sporcle

Score 0/20 Timer 10:00
0 Plays Today
State Battle % Correct
PennsylvaniaGettysburg
87%
MarylandAntietam
72.3%
MississippiVicksburg
63.6%
GeorgiaChickamauga
38%
VirginiaChancellorsville
32.6%
TennesseeStones River
27.2%
KentuckyPerryville
25.5%
West VirginiaHarpers Ferry
17.4%
North CarolinaBentonville
16.8%
District of ColumbiaFort Stevens
16.3%
State Battle % Correct
LouisianaPort Hudson
15.8%
South CarolinaSecond Charleston Harbor
15.2%
FloridaOlustee
13.6%
AlabamaFort Blakely
4.3%
MissouriIsland Number Ten
2.7%
IndianaCorydon
2.2%
KansasMine Creek
2.2%
MainePortland Harbor
2.2%
ArkansasFort Hindman
1.1%
OhioBuffington Island
1.1%

You're not logged in!

Compare scores with friends on all Sporcle quizzes.
OR
Log In

Show Comments

Extras

Top Quizzes Today


Score Distribution

Your Account Isn't Verified!

In order to create a playlist on Sporcle, you need to verify the email address you used during registration. Go to your Sporcle Settings to finish the process.

Report this User

Report this user for behavior that violates our Community Guidelines.

Details: